[Event "4NCL 2021-22"]
[Site "England"]
[Date "2022.03.26"]
[Round "5.30"]
[White "Yao, Lan"]
[Black "Webb, Laurence E"]
[Result "0-1"]
[WhiteElo "2297"]
[BlackElo "2256"]
[Annotator "ChessBase"]
[PlyCount "108"]
[EventDate "2021.11.27"]
[EventType "team-tourn"]
[EventCountry "ENG"]
[SourceTitle "playchess.com"]
[Source "ChessBase"]
[SourceQuality "1"]
[TimeControl "40/6000+30:3000+30"]

1. e4 {[%emt 0:00:02]} e6 {[%emt 0:00:13]} 2. d4 {[%emt 0:00:05]} d5 {[%emt 0:00:06]} 3. Nc3 {[%emt 0:00:08]} Bb4 {[%emt 0:00:16]} 4. e5 {[%emt 0:00:10]} c5 {[%emt 0:00:13]} 5. Bd2 {[%emt 0:00:16]} Nh6 {[%emt 0:01:06]} 6. Nb5 {[%emt 0:00:18]} Bxd2+ {[%emt 0:00:15]} 7. Qxd2 {[%emt 0:00:05]} O-O {[%emt 0:00:15]} 8. f4 {[%emt 0:00:13]} Nc6 {[%emt 0:06:38]} 9. Nf3 {[%emt 0:01:14]} f6 {[%emt 0:01:54]} 10. Bd3 {[%emt 0:09:56]} a6 {[%emt 0:06:19]} 11. Nd6 {[%emt 0:00:42]} Nxd4 {[%emt 0:00:21]} 12. Nxd4 {[%emt 0:00:44]} fxe5 {[%emt 0:07:12]} 13. Nf3 {[%emt 0:10:29]} Qxd6 {[%emt 0:02:42]} 14. fxe5 {[%emt 0:00:11]} Qe7 {[%emt 0:01:00]} 15. Ng5 {[%emt 0:14:52]} Nf5 {[%emt 0:24:37]} 16. O-O {[%emt 0:04:47]} h6 {[%emt 0:01:52]} 17. Bxf5 {[%emt 0:06:45]} hxg5 {[%emt 0:02:58]} 18. Bg6 {[%emt 0:01:23]} Bd7 {[%emt 0:01:12]} 19. Qd3 {[%emt 0:07:28]} g4 {[%emt 0:02:54]} 20. c4 {[%emt 0:07:06]} Qg5 {[%emt 0:11:38]} 21. Rfe1 {[%emt 0:15:05]} Bc6 {[%emt 0:05:02]} 22. cxd5 {[%emt 0:07:02]} Bxd5 {[%emt 0:00:12]} 23. Be4 {[%emt 0:00:50]} Rad8 {[%emt 0:03:34]} 24. Qg3 {[%emt 0:01:09]} Qf4 {[%emt 0:02:41]} 25. Qxf4 {[%emt 0:03:39]} Rxf4 {[%emt 0:00:10]} 26. Rad1 {[%emt 0:00:51]} Rff8 {[%emt 0:03:27]} 27. Bb1 {[%emt 0:02:10]} Kf7 {[%emt 0:05:38]} 28. Kf2 {[%emt 0:02:14]} Ke7+ {[%emt 0:00:40]} 29. Kg3 {[%emt 0:00:03]} Bc6 {[%emt 0:01:15]} 30. Bg6 {[%emt 0:02:49]} Rd5 {[%emt 0:06:28]} 31. Rxd5 {[%emt 0:02:34]} exd5 {[%emt 0:01:32]} 32. Bh5 {[%emt 0:00:48]} Bd7 {[%emt 0:01:28]} 33. Re2 {[%emt 0:02:42]} d4 {[%emt 0:02:05]} 34. Rc2 {[%emt 0:03:12]} b6 {[%emt 0:01:24]} 35. b4 {[%emt 0:03:43]} Bf5 {[%emt 0:03:04]} 36. Rc1 {[%emt 0:01:46]} Rc8 {[%emt 0:01:23]} 37. bxc5 {[%emt 0:00:14]} bxc5 {[%emt 0:00:21]} 38. Bxg4 {[%emt 0:00:32]} Ke6 {[%emt 0:02:37]} 39. Bf3 {[%emt 0:00:35]} Kxe5 {[%emt 0:01:11]} 40. Bb7 {[%emt 0:00:08]} Rc7 {[%emt 0:00:41]} 41. Bxa6 {[%emt 0:50:07]} Be6 {[%emt 0:51:29]} 42. a4 {[%emt 0:00:00]} c4 {[%emt 0:00:00]} 43. Kf3 {[%emt 0:00:00]} Bd5+ {[%emt 0:00:00]} 44. Ke2 {[%emt 0:00:00]} Kd6 {[%emt 0:00:00]} 45. Kd2 {[%emt 0:00:00]} Kc5 {[%emt 0:00:00]} 46. Re1 {[%emt 0:00:00]} Ra7 {[%emt 0:00:00]} 47. Bb5 {[%emt 0:00:00]} Rf7 {[%emt 0:00:00]} 48. g3 {[%emt 0:00:00]} Rf2+ {[%emt 0:00:00]} 49. Re2 {[%emt 0:00:00]} c3+ {[%emt 0:00:00]} 50. Ke1 {[%emt 0:00:00]} Rf3 {[%emt 0:00:00]} 51. Re7 {[%emt 0:00:00]} d3 {[%emt 0:00:00]} 52. Rd7 {[%emt 0:00:00]} d2+ {[%emt 0:00:00]} 53. Kd1 {[%emt 0:00:00]} Re3 {[%emt 0:00:00]} 54. Kc2 {[%emt 0:00:00]} Re1 {[%emt 0:00:00]} 0-1

[Event "4NCL 2021-22"]
[Site "England"]
[Date "2022.03.26"]
[Round "5.31"]
[White "Ledger, Stephen C"]
[Black "Horton, Jamie A"]
[Result "0-1"]
[WhiteElo "2171"]
[BlackElo "2275"]
[Annotator "TA"]
[PlyCount "114"]
[EventDate "2021.11.27"]
[EventType "team-tourn"]
[EventCountry "ENG"]
[SourceTitle "playchess.com"]
[Source "ChessBase"]
[SourceQuality "1"]

{[%evp 9,114,20,25,25,14,0,-9,-9,-7,-7,-7,-6,-7,-7,-14,0,-10,-37,-26,-33,-35,-41,-32,-93,-27,-43,0,0,0,0,0,0,0,-5,0,-14,-14,-14,-12,-8,-2,-2,-2,-8,0,0,0,0,0,-21,-21,-42,-46,-62,-58,-54,-60,-114,-29,-126,-125,-170,-172,-203,-191,-197,-135,-148,-79,-92,184,-83,-80,-128,-89,-200,-171,-167,-152,-140,-94,-110,-108,-78,-65,-65,-66,-64,-67,-60,-61,-64,-63,-59,-62,-64,-66,-168,-168,-422,-435,-1951,-1798,-29995,-29996,-29996,-29997]} 1. d4 Nf6 2. Bg5 Ne4 3. Bf4 d5 4. e3 c5 5. Bd3 cxd4 {[%cal Oe7e5]} 6. Bxe4 {A45: Trompowsky Attack.} dxe4 7. Qxd4 Nc6 8. Qxd8+ {The position is equal.} Nxd8 9. Nc3 f6 10. Nxe4 e5 {White must now prevent ...Bf5.} 11. Bg3 Bf5 12. f3 {[#]} Ne6 $146 ({Predecessor:} 12... Nf7 13. Nd2 Bxc2 14. Rc1 Bd3 15. Ne2 Bb4 16. a3 Ba5 17. b4 Bb6 18. Kf2 f5 {0-1 (25) Hecht,U (1738)-Boettcher,P (2104) Berlin 2017}) 13. Nc3 Bxc2 14. Nge2 Rd8 15. Rc1 Bd3 16. Bf2 (16. e4 $15) 16... Ba6 {Black is more active.} (16... Kf7 $17 17. e4 Bxe2 18. Kxe2 Nf4+ 19. Kf1 Rd2) 17. e4 $11 Nc5 18. Bxc5 Bxc5 19. Nd5 {Prevents Be3.} Bd6 20. Nc7+ Bxc7 21. Rxc7 O-O 22. Nc3 Rf7 23. Rc5 Rfd7 24. Rd5 Bc4 25. Rxd7 Rxd7 {[%mdl 4096] Endgame KRB-KRN} 26. b3 Rd3 27. Nb1 Ba6 28. Kf2 {Inhibits Re3.} h5 29. g3 Kf7 30. Re1 g5 31. Re3 Rd1 32. Re1 {Inhibits Rf1+.} Rd4 33. Re3 (33. h3 $15) 33... Ke6 (33... g4 $1 $17 34. Re1 Bb5) 34. Re1 (34. h3 $11 {remains equal.}) 34... g4 $1 $17 35. fxg4 (35. h3 $17) 35... hxg4 $19 36. Ke3 Bb5 37. Kf2 Rd3 (37... a6 $19 38. Ke3 a5) 38. Re3 $17 Rd1 (38... Rd8 $142 39. Nc3 Bd3) 39. Nc3 {[%csl LRb5,LRd1] [#]} Rf1+ 40. Kg2 Ba6 41. Nd5 (41. a4 $142) 41... Ra1 42. Nb4 (42. a4 $17 {was worth a try.}) 42... Bb5 {Strongly threatening ...a5.} 43. a4 Be8 44. Nd3 b6 {Inhibits Nc5+.} ({Better is} 44... b5 45. Nf2 bxa4 46. bxa4 f5) 45. Nf2 {[#]} f5 $1 46. Rc3 Rb1 47. h3 gxh3+ 48. Kxh3 fxe4 49. Nxe4 Re1 $1 50. Ng5+ Kf6 51. Nf3 Re2 52. g4 e4 $1 53. Nd4 ({White should try} 53. Nh4 $15) 53... Rd2 $19 54. g5+ $2 (54. Nf5 {was called for.}) 54... Ke5 55. Nc6+ (55. Nf3+ $142 exf3 56. Re3+ Kf4 57. Rxe8) 55... Kf4 {( -> ...Bd7+)} 56. Nb8 Bg6 57. Kh4 Bf5 {Weighted Error Value: White=0.39/Black=0.12 (very precise)} 0-1

[Event "4NCL 2021-22"]
[Site "England"]
[Date "2022.03.26"]
[Round "5.32"]
[White "Grigoryan, Meri"]
[Black "Gamal, Alaa"]
[Result "1-0"]
[WhiteElo "1989"]
[BlackElo "1701"]
[Annotator "NA"]
[PlyCount "81"]
[EventDate "2021.11.27"]
[EventType "team-tourn"]
[EventCountry "ENG"]
[SourceTitle "playchess.com"]
[Source "ChessBase"]
[SourceQuality "1"]
[TimeControl "40/6000+30:3000+30"]

1. d4 {[%emt 0:11:57]} Nf6 {[%emt 0:02:04]} 2. Nf3 {[%emt 0:04:23]} g6 {[%emt 0:01:49]} 3. c4 {[%emt 0:00:35]} Bg7 {[%emt 0:01:18]} 4. Nc3 {[%emt 0:00:51]} d5 {[%emt 0:02:31]} 5. h3 {[%emt 0:01:33]} c5 {[%emt 0:10:33]} 6. dxc5 {[%emt 0:01:49]} Qa5 {[%emt 0:01:12]} 7. Qa4+ {[%emt 0:03:46]} Qxa4 {[%emt 0:06:01]} 8. Nxa4 {[%emt 0:00:06]} Bd7 {[%emt 0:05:40]} 9. Nc3 {[%emt 0:00:45]} dxc4 {[%emt 0:00:17]} 10. e3 {[%emt 0:01:33]} Na6 {[%emt 0:00:15]} 11. Bxc4 {[%emt 0:03:22]} Nxc5 {[%emt 0:00:47]} 12. O-O {[%emt 0:03:18]} O-O {[%emt 0:01:58]} 13. Ne5 {[%emt 0:03:45]} Rad8 {[%emt 0:02:40]} 14. f3 {[%emt 0:08:48]} Nh5 {[%emt 0:03:13]} 15. Nxd7 {[%emt 0:03:23]} Rxd7 {[%emt 0:00:37]} 16. g4 {[%emt 0:00:56]} Nf6 {[%emt 0:02:06]} 17. Bb5 {[%emt 0:03:47]} Rd6 {[%emt 0:01:24]} 18. e4 {[%emt 0:01:48]} Nfd7 {[%emt 0:08:52]} 19. Bf4 {[%emt 0:09:17]} Bd4+ {[%emt 0:00:34]} 20. Kh1 {[%emt 0:01:25]} e5 {[%emt 0:03:43]} 21. Bh6 {[%emt 0:01:28]} Rd8 {[%emt 0:00:33]} 22. Nd5 {[%emt 0:03:38]} Rxd5 {[%emt 0:30:58]} 23. exd5 {[%emt 0:00:13]} Bxb2 {[%emt 0:00:04]} 24. Rad1 {[%emt 0:06:14]} Bd4 {[%emt 0:06:00]} 25. Rfe1 {[%emt 0:05:10]} Nb6 {[%emt 0:06:34]} 26. f4 {[%emt 0:06:19]} f6 {[%emt 0:02:12]} 27. fxe5 {[%emt 0:07:48]} fxe5 {[%emt 0:00:23]} 28. Bg5 {[%emt 0:01:30]} Rxd5 {[%emt 0:03:00]} 29. Be3 {[%emt 0:08:47]} Ne6 {[%emt 0:02:22]} 30. Bxd4 {[%emt 0:02:17]} Nxd4 {[%emt 0:00:03]} 31. Bf1 {[%emt 0:00:37]} Ra5 {[%emt 0:02:12]} 32. Bg2 {[%emt 0:00:39]} Nc6 {[%emt 0:03:36]} 33. Rb1 {[%emt 0:01:30]} Kg7 {[%emt 0:00:28]} 34. Rec1 {[%emt 0:00:49]} Nd4 {[%emt 0:00:42]} 35. Rc7+ {[%emt 0:00:46]} Kh6 {[%emt 0:00:09]} 36. Rxb7 {[%emt 0:01:58]} Rxa2 {[%emt 0:00:02]} 37. h4 {[%emt 0:00:45]} g5 {[%emt 0:00:20]} 38. h5 {[%emt 0:00:10]} Ra3 {[%emt 0:01:36]} 39. Be4 {[%emt 0:00:20]} Rh3+ {[%emt 0:00:26]} 40. Kg2 {[%emt 0:00:11]} Rxh5 {[%emt 0:00:02]} 41. Rxh7# {[%emt 0:50:10]} 1-0

[Event "4NCL 2021-22"]
[Site "England"]
[Date "2022.03.26"]
[Round "5.33"]
[White "Taylor, Martin R"]
[Black "Merriman, John"]
[Result "1/2-1/2"]
[WhiteElo "2343"]
[BlackElo "2261"]
[Annotator "ChessBase"]
[PlyCount "66"]
[EventDate "2021.11.27"]
[EventType "team-tourn"]
[EventCountry "ENG"]
[SourceTitle "playchess.com"]
[Source "ChessBase"]
[SourceQuality "1"]
[TimeControl "40/6000+30:3000+30"]

1. d4 {[%emt 0:00:03]} Nf6 {[%emt 0:00:15]} 2. c4 {[%emt 0:00:09]} e6 {[%emt 0:00:12]} 3. Nc3 {[%emt 0:00:13]} Bb4 {[%emt 0:00:22]} 4. Qc2 {[%emt 0:00:18]} O-O {[%emt 0:00:22]} 5. a3 {[%emt 0:00:11]} Bxc3+ {[%emt 0:00:48]} 6. Qxc3 {[%emt 0:00:07]} b6 {[%emt 0:00:23]} 7. Bg5 {[%emt 0:00:22]} h6 {[%emt 0:03:52]} 8. Bh4 {[%emt 0:01:26]} Bb7 {[%emt 0:02:08]} 9. e3 {[%emt 0:01:11]} d6 {[%emt 0:01:01]} 10. Ne2 {[%emt 0:00:56]} Nbd7 {[%emt 0:03:19]} 11. Qd3 {[%emt 0:00:48]} e5 {[%emt 0:12:28]} 12. Nc3 {[%emt 0:04:37]} Re8 {[%emt 0:01:12]} 13. Rd1 {[%emt 0:08:12]} Qe7 {[%emt 0:23:37]} 14. Nd5 {[%emt 0:17:54]} Bxd5 {[%emt 0:00:16]} 15. cxd5 {[%emt 0:00:13]} e4 {[%emt 0:02:10]} 16. Qb3 {[%emt 0:02:30]} a6 {[%emt 0:01:11]} 17. Rc1 {[%emt 0:04:43]} Ra7 {[%emt 0:00:47]} 18. a4 {[%emt 0:07:06]} g5 {[%emt 0:06:41]} 19. Bg3 {[%emt 0:00:11]} Nf8 {[%emt 0:03:22]} 20. Bc4 {[%emt 0:15:55]} Qd7 {[%emt 0:02:57]} 21. O-O {[%emt 0:05:10]} Ng6 {[%emt 0:04:50]} 22. f3 {[%emt 0:05:59]} Ne7 {[%emt 0:04:30]} 23. fxe4 {[%emt 0:03:20]} Nxe4 {[%emt 0:00:09]} 24. Qd3 {[%emt 0:01:22]} Nf5 {[%emt 0:13:10]} 25. Be1 {[%emt 0:11:44]} Qc8 {[%emt 0:05:56]} 26. Rc2 {[%emt 0:05:16]} Ng7 {[%emt 0:03:09]} 27. Re2 {[%emt 0:05:37]} Re7 {[%emt 0:01:26]} 28. Qc2 {[%emt 0:01:40]} Ne8 {[%emt 0:02:57]} 29. Bd3 {[%emt 0:02:29]} N8f6 {[%emt 0:00:16]} 30. Qc6 {[%emt 0:01:50]} Ra8 {[%emt 0:04:19]} 31. b3 {[%emt 0:00:33]} Qe8 {[%emt 0:01:30]} 32. Qxe8+ {[%emt 0:02:08]} Rexe8 {[%emt 0:01:11]} 33. Bc4 {[%emt 0:00:30]} Kg7 {[%emt 0:02:40]} 1/2-1/2

[Event "4NCL 2021-22"]
[Site "England"]
[Date "2022.03.26"]
[Round "5.34"]
[White "Harakis, Alexis M"]
[Black "Cox, John J"]
[Result "1-0"]
[WhiteElo "2264"]
[BlackElo "2319"]
[Annotator "ChessBase"]
[PlyCount "81"]
[EventDate "2021.11.27"]
[EventType "team-tourn"]
[EventCountry "ENG"]
[SourceTitle "playchess.com"]
[Source "ChessBase"]
[SourceQuality "1"]
[TimeControl "40/6000+30:3000+30"]

1. d4 {[%emt 0:00:17]} f5 {[%emt 0:19:43]} 2. g3 {[%emt 0:01:45]} Nf6 {[%emt 0:01:23]} 3. Bg2 {[%emt 0:00:06]} e6 {[%emt 0:00:42]} 4. Nd2 {[%emt 0:01:12]} Be7 {[%emt 0:03:29]} 5. e4 {[%emt 0:01:16]} fxe4 {[%emt 0:00:13]} 6. Nxe4 {[%emt 0:00:04]} O-O {[%emt 0:01:10]} 7. Qd3 {[%emt 0:02:08]} Nc6 {[%emt 0:13:54]} 8. Bd2 {[%emt 0:17:32]} Qe8 {[%emt 0:11:47]} 9. Ne2 {[%emt 0:09:54]} d6 {[%emt 0:04:35]} 10. O-O {[%emt 0:01:35]} e5 {[%emt 0:03:36]} 11. Rae1 {[%emt 0:06:55]} Qh5 {[%emt 0:18:33]} 12. f4 {[%emt 0:08:34]} Nxe4 {[%emt 0:03:37]} 13. Bxe4 {[%emt 0:05:29]} Bh3 {[%emt 0:05:23]} 14. Rf2 {[%emt 0:01:03]} Kh8 {[%emt 0:04:49]} 15. Bf3 {[%emt 0:11:11]} Bg4 {[%emt 0:02:06]} 16. d5 {[%emt 0:03:00]} Nb8 {[%emt 0:04:02]} 17. Bxg4 {[%emt 0:03:25]} Qxg4 {[%emt 0:00:02]} 18. Nd4 {[%emt 0:01:21]} Nd7 {[%emt 0:03:13]} 19. Ne6 {[%emt 0:00:18]} Rfc8 {[%emt 0:00:17]} 20. h3 {[%emt 0:04:13]} Qh5 {[%emt 0:01:09]} 21. g4 {[%emt 0:02:18]} Qe8 {[%emt 0:00:30]} 22. f5 {[%emt 0:02:34]} Bh4 {[%emt 0:00:42]} 23. Ref1 {[%emt 0:01:24]} Bxf2+ {[%emt 0:00:08]} 24. Rxf2 {[%emt 0:00:03]} c6 {[%emt 0:00:41]} 25. Bb4 {[%emt 0:02:40]} Nf6 {[%emt 0:03:31]} 26. Bxd6 {[%emt 0:00:44]} Rd8 {[%emt 0:01:09]} 27. Bf8 {[%emt 0:05:10]} Rd7 {[%emt 0:00:42]} 28. d6 {[%emt 0:03:06]} Rf7 {[%emt 0:00:10]} 29. g5 {[%emt 0:01:43]} Nd5 {[%emt 0:01:49]} 30. c4 {[%emt 0:01:31]} Rxf8 {[%emt 0:01:21]} 31. cxd5 {[%emt 0:00:04]} Rf7 {[%emt 0:00:12]} 32. Nc7 {[%emt 0:00:36]} e4 {[%emt 0:00:41]} 33. Qd4 {[%emt 0:01:08]} Rxc7 {[%emt 0:00:52]} 34. dxc7 {[%emt 0:00:03]} cxd5 {[%emt 0:00:06]} 35. f6 {[%emt 0:00:13]} gxf6 {[%emt 0:00:42]} 36. Rxf6 {[%emt 0:00:19]} Kg8 {[%emt 0:00:19]} 37. Qxd5+ {[%emt 0:00:10]} Kg7 {[%emt 0:00:01]} 38. Qd4 {[%emt 0:00:31]} Kg8 {[%emt 0:00:16]} 39. Rd6 {[%emt 0:00:13]} e3 {[%emt 0:00:12]} 40. Qd5+ {[%emt 0:02:29]} Kh8 {[%emt 0:00:22]} 41. Rd8 {[%emt 0:50:32]} 1-0

[Event "4NCL 2021-22"]
[Site "England"]
[Date "2022.03.26"]
[Round "5.35"]
[White "Griffiths, Ryan Rhys"]
[Black "Ratnesan, Ranesh"]
[Result "1/2-1/2"]
[WhiteElo "2352"]
[BlackElo "2258"]
[Annotator "ChessBase"]
[PlyCount "69"]
[EventDate "2021.11.27"]
[EventType "team-tourn"]
[EventCountry "ENG"]
[SourceTitle "playchess.com"]
[Source "ChessBase"]
[SourceQuality "1"]
[TimeControl "40/6000+30:3000+30"]

1. d4 {[%emt 0:00:48]} d5 {[%emt 0:00:15]} 2. c4 {[%emt 0:00:18]} c6 {[%emt 0:00:08]} 3. Nc3 {[%emt 0:00:10]} Nf6 {[%emt 0:00:18]} 4. e3 {[%emt 0:00:11]} Bf5 {[%emt 0:02:44]} 5. cxd5 {[%emt 0:00:11]} cxd5 {[%emt 0:08:26]} 6. Qb3 {[%emt 0:00:51]} Nc6 {[%emt 0:01:07]} 7. Qxb7 {[%emt 0:00:48]} Bd7 {[%emt 0:00:11]} 8. Qb3 {[%emt 0:00:42]} Rb8 {[%emt 0:00:17]} 9. Qd1 {[%emt 0:00:33]} e5 {[%emt 0:04:46]} 10. dxe5 {[%emt 0:09:19]} Nxe5 {[%emt 0:00:22]} 11. Be2 {[%emt 0:04:45]} Bd6 {[%emt 0:04:01]} 12. Nf3 {[%emt 0:00:37]} Qe7 {[%emt 0:01:28]} 13. O-O {[%emt 0:02:39]} O-O {[%emt 0:01:16]} 14. Nxe5 {[%emt 0:11:44]} Qxe5 {[%emt 0:00:17]} 15. g3 {[%emt 0:00:52]} Bh3 {[%emt 0:10:55]} 16. Re1 {[%emt 0:01:54]} Rfd8 {[%emt 0:01:53]} 17. Bf3 {[%emt 0:09:35]} Bc5 {[%emt 0:06:51]} 18. a3 {[%emt 0:17:01]} Ne4 {[%emt 0:04:15]} 19. Qc2 {[%emt 0:21:10]} Ng5 {[%emt 0:08:43]} 20. Bg2 {[%emt 0:10:43]} Qe6 {[%emt 0:04:40]} 21. f4 {[%emt 0:05:24]} Bf5 {[%emt 0:03:37]} 22. Qe2 {[%emt 0:01:41]} Bg4 {[%emt 0:10:29]} 23. Qf1 {[%emt 0:00:05]} Nh3+ {[%emt 0:07:02]} 24. Kh1 {[%emt 0:00:06]} a5 {[%emt 0:00:49]} 25. Nb5 {[%emt 0:01:39]} Nf2+ {[%emt 0:05:01]} 26. Qxf2 {[%emt 0:02:46]} Rxb5 {[%emt 0:00:06]} 27. b4 {[%emt 0:01:16]} axb4 {[%emt 0:01:22]} 28. axb4 {[%emt 0:00:05]} Bxb4 {[%emt 0:01:56]} 29. Bd2 {[%emt 0:00:05]} Bxd2 {[%emt 0:02:03]} 30. Qxd2 {[%emt 0:00:06]} Bf5 {[%emt 0:00:37]} 31. e4 {[%emt 0:00:53]} Bh3 {[%emt 0:02:30]} 32. exd5 {[%emt 0:01:35]} Bxg2+ {[%emt 0:00:15]} 33. Qxg2 {[%emt 0:00:06]} Qxd5 {[%emt 0:01:59]} 34. Qxd5 {[%emt 0:00:06]} Rbxd5 {[%emt 0:00:06]} 35. Ra2 {[%emt 0:00:11]} 1/2-1/2

[Event "4NCL 2021-22"]
[Site "England"]
[Date "2022.03.26"]
[Round "5.36"]
[White "Hand, Freddie"]
[Black "Sowray, Peter J"]
[Result "1/2-1/2"]
[WhiteElo "2181"]
[BlackElo "2226"]
[Annotator "ChessBase"]
[PlyCount "79"]
[EventDate "2021.11.27"]
[EventType "team-tourn"]
[EventCountry "ENG"]
[SourceTitle "playchess.com"]
[Source "ChessBase"]
[SourceQuality "1"]
[TimeControl "40/6000+30:3000+30"]

1. d4 {[%emt 0:00:06]} d5 {[%emt 0:00:10]} 2. c4 {[%emt 0:00:07]} e6 {[%emt 0:00:07]} 3. Nc3 {[%emt 0:00:09]} Be7 {[%emt 0:00:07]} 4. cxd5 {[%emt 0:00:28]} exd5 {[%emt 0:00:06]} 5. Bf4 {[%emt 0:00:15]} Nf6 {[%emt 0:00:48]} 6. e3 {[%emt 0:01:59]} Bf5 {[%emt 0:00:10]} 7. Bd3 {[%emt 0:17:46]} Bxd3 {[%emt 0:04:44]} 8. Qxd3 {[%emt 0:00:04]} c6 {[%emt 0:00:27]} 9. Nge2 {[%emt 0:01:50]} Nbd7 {[%emt 0:03:51]} 10. O-O {[%emt 0:02:49]} O-O {[%emt 0:03:50]} 11. Rab1 {[%emt 0:08:06]} a5 {[%emt 0:03:30]} 12. b3 {[%emt 0:08:21]} Nh5 {[%emt 0:10:40]} 13. f3 {[%emt 0:32:05]} Re8 {[%emt 0:04:29]} 14. e4 {[%emt 0:05:54]} Nxf4 {[%emt 0:11:22]} 15. Nxf4 {[%emt 0:00:30]} Bg5 {[%emt 0:00:27]} 16. Nfe2 {[%emt 0:05:22]} dxe4 {[%emt 0:03:25]} 17. fxe4 {[%emt 0:01:22]} c5 {[%emt 0:00:52]} 18. d5 {[%emt 0:04:07]} Bf6 {[%emt 0:06:52]} 19. Rbd1 {[%emt 0:04:55]} Ra6 {[%emt 0:05:15]} 20. Kh1 {[%emt 0:04:04]} Be5 {[%emt 0:03:20]} 21. Rf5 {[%emt 0:02:00]} Rh6 {[%emt 0:09:14]} 22. h3 {[%emt 0:01:15]} Bb8 {[%emt 0:01:45]} 23. Nb5 {[%emt 0:00:46]} Qh4 {[%emt 0:03:58]} 24. Nec3 {[%emt 0:03:27]} Be5 {[%emt 0:04:12]} 25. d6 {[%emt 0:00:51]} Ree6 {[%emt 0:01:36]} 26. Qf3 {[%emt 0:01:29]} Bxc3 {[%emt 0:07:16]} 27. Nxc3 {[%emt 0:00:57]} Rxd6 {[%emt 0:00:46]} 28. Rxd6 {[%emt 0:00:40]} Rxd6 {[%emt 0:00:11]} 29. Rxf7 {[%emt 0:00:48]} Qe1+ {[%emt 0:05:40]} 30. Kh2 {[%emt 0:00:01]} Rf6 {[%emt 0:00:54]} 31. Rxf6 {[%emt 0:00:07]} Nxf6 {[%emt 0:00:01]} 32. Qd3 {[%emt 0:00:39]} b6 {[%emt 0:01:23]} 33. Nd5 {[%emt 0:00:43]} Nxe4 {[%emt 0:04:30]} 34. Nxb6 {[%emt 0:00:18]} h6 {[%emt 0:01:11]} 35. Qd5+ {[%emt 0:00:43]} Kh8 {[%emt 0:00:57]} 36. Qd8+ {[%emt 0:00:17]} Kh7 {[%emt 0:00:02]} 37. Qd3 {[%emt 0:00:17]} Kh8 {[%emt 0:00:37]} 38. Qd8+ {[%emt 0:00:11]} Kh7 {[%emt 0:00:06]} 39. Qd3 {[%emt 0:00:18]} Kh8 {[%emt 0:00:27]} 40. Qd8+ {[%emt 0:01:13]} 1/2-1/2

[Event "4NCL 2021-22"]
[Site "England"]
[Date "2022.03.26"]
[Round "5.37"]
[White "Chapman, Terry P D"]
[Black "Bansal, Rohan"]
[Result "1-0"]
[WhiteElo "2240"]
[BlackElo "1971"]
[Annotator "ChessBase"]
[PlyCount "29"]
[EventDate "2021.11.27"]
[EventType "team-tourn"]
[EventCountry "ENG"]
[SourceTitle "playchess.com"]
[Source "ChessBase"]
[SourceQuality "1"]
[TimeControl "40/6000+30:3000+30"]

1. Nf3 {[%emt 0:00:04]} d5 {[%emt 0:00:08]} 2. d4 {[%emt 0:00:05]} Nf6 {[%emt 0:00:14]} 3. c4 {[%emt 0:00:05]} e6 {[%emt 0:00:15]} 4. g3 {[%emt 0:00:13]} dxc4 {[%emt 0:00:15]} 5. Bg2 {[%emt 0:00:05]} a6 {[%emt 0:02:09]} 6. Ne5 {[%emt 0:00:24]} c5 {[%emt 0:04:44]} 7. Be3 {[%emt 0:00:17]} Nd5 {[%emt 0:36:22]} 8. Nc3 {[%emt 0:00:21]} Nc6 {[%emt 0:23:28]} 9. Nxc6 {[%emt 0:21:45]} bxc6 {[%emt 0:00:38]} 10. dxc5 {[%emt 0:06:50]} Bd7 {[%emt 0:22:42]} 11. Bd4 {[%emt 0:26:18]} f6 {[%emt 0:02:00]} 12. f4 {[%emt 0:02:42]} Nxc3 {[%emt 0:02:04]} 13. bxc3 {[%emt 0:03:18]} Qa5 {[%emt 0:00:15]} 14. e3 {[%emt 0:00:48]} Bxc5 {[%emt 0:00:14]} 15. Qh5+ {[%emt 0:00:15]} 1-0

[Event "4NCL 2021-22"]
[Site "England"]
[Date "2022.03.26"]
[Round "5.38"]
[White "Skettos, Nicolas"]
[Black "French, Max"]
[Result "0-1"]
[WhiteElo "1940"]
[BlackElo "2246"]
[Annotator "ChessBase"]
[PlyCount "56"]
[EventDate "2021.11.27"]
[EventType "team-tourn"]
[EventCountry "ENG"]
[SourceTitle "playchess.com"]
[Source "ChessBase"]
[SourceQuality "1"]
[TimeControl "40/6000+30:3000+30"]

1. e4 {[%emt 0:00:05]} c6 {[%emt 0:00:37]} 2. d4 {[%emt 0:00:22]} d5 {[%emt 0:00:07]} 3. exd5 {[%emt 0:00:14]} cxd5 {[%emt 0:00:09]} 4. Bd3 {[%emt 0:00:01]} Nc6 {[%emt 0:01:16]} 5. c3 {[%emt 0:00:04]} Qc7 {[%emt 0:00:56]} 6. Ne2 {[%emt 0:00:04]} e5 {[%emt 0:03:06]} 7. dxe5 {[%emt 0:00:12]} Nxe5 {[%emt 0:00:11]} 8. Bb5+ {[%emt 0:03:10]} Bd7 {[%emt 0:01:13]} 9. Bxd7+ {[%emt 0:08:29]} Qxd7 {[%emt 0:00:09]} 10. O-O {[%emt 0:03:53]} Nf6 {[%emt 0:02:09]} 11. Nd2 {[%emt 0:09:22]} Be7 {[%emt 0:01:21]} 12. Nd4 {[%emt 0:02:11]} O-O {[%emt 0:06:42]} 13. N2f3 {[%emt 0:03:01]} Nc4 {[%emt 0:06:45]} 14. Qd3 {[%emt 0:03:44]} Ne4 {[%emt 0:23:14]} 15. Qc2 {[%emt 0:21:35]} Bf6 {[%emt 0:02:01]} 16. Bf4 {[%emt 0:01:21]} Rac8 {[%emt 0:06:11]} 17. Rad1 {[%emt 0:06:44]} Rfd8 {[%emt 0:08:02]} 18. h3 {[%emt 0:01:48]} b5 {[%emt 0:08:48]} 19. a3 {[%emt 0:02:09]} a6 {[%emt 0:02:40]} 20. Rd3 {[%emt 0:08:30]} a5 {[%emt 0:04:03]} 21. Qb1 {[%emt 0:05:31]} h6 {[%emt 0:04:13]} 22. Re1 {[%emt 0:08:39]} Re8 {[%emt 0:08:11]} 23. Rdd1 {[%emt 0:00:21]} Rcd8 {[%emt 0:02:25]} 24. Nh2 {[%emt 0:04:47]} Nxa3 {[%emt 0:05:06]} 25. bxa3 {[%emt 0:00:25]} Nxc3 {[%emt 0:00:06]} 26. Rxe8+ {[%emt 0:00:12]} Rxe8 {[%emt 0:00:42]} 27. Qd3 {[%emt 0:07:57]} Bxd4 {[%emt 0:00:30]} 28. Rc1 {[%emt 0:00:48]} Ne2+ {[%emt 0:01:36]} 0-1